LEADER 02258oam 2200613I 450 001 9910464213803321 005 20200520144314.0 010 $a1-136-49669-6 010 $a1-136-49676-9 010 $a1-315-01608-7 024 7 $a10.4324/9781315016085 035 $a(CKB)3710000000056575 035 $a(SSID)ssj0001155224 035 $a(PQKBManifestationID)11746925 035 $a(PQKBTitleCode)TC0001155224 035 $a(PQKBWorkID)11179479 035 $a(PQKB)10556493 035 $a(MiAaPQ)EBC1542748 035 $a(Au-PeEL)EBL1542748 035 $a(CaPaEBR)ebr10800336 035 $a(CaONFJC)MIL762323 035 $a(OCoLC)863823550 035 $a(OCoLC)863157939 035 $a(EXLCZ)993710000000056575 100 $a20180706d2004 uy 0 101 0 $aeng 135 $aurcnu|||||||| 181 $ctxt 182 $cc 183 $acr 200 00$aCritical inquiry and problem-solving in physical education /$fedited by Jan Wright, Doune MacDonald, and Lisette Burrows 210 1$aLondon ;$aNew York :$cRoutledge,$d2004. 215 $a1 online resource (227 pages) $cillustrations 300 $aBibliographic Level Mode of Issuance: Monograph 311 $a0-415-29164-X 311 $a0-415-29163-1 320 $aIncludes bibliographical references and index. 327 $apart I. Locating critical inquiry and problem-solving in physical education -- part II. Critical inquiry and problem-solving in the middle years of schooling -- part III. Critical inquiry and problem-solving in the senior years of schooling -- part IV. The challenges of critical inquiry in physical education. 606 $aPhysical education and training$xStudy and teaching 606 $aProblem solving 608 $aElectronic books. 615 0$aPhysical education and training$xStudy and teaching. 615 0$aProblem solving. 676 $a613.7/07 701 $aBurrows$b Lisette$f1963-$0889424 701 $aMacDonald$b Doune$f1959-$0889425 701 $aWright$b Jan$f1948-$0889426 801 0$bMiAaPQ 801 1$bMiAaPQ 801 2$bMiAaPQ 906 $aBOOK 912 $a9910464213803321 996 $aCritical inquiry and problem-solving in physical education$91986913 997 $aUNINA LEADER 01038nam 2200289 n 450 001 9910131108503321 005 20200324171358.0 010 $a88-8103-329-1 035 $a(CKB)3460000000086482 035 $a(ItFiC)it 002462884 035 $a(EXLCZ)993460000000086482 100 $a20110427d2004 uy 101 0 $aita 200 02$aL'Europa giudicata da un reazionario $eun confronto sui Dialoghetti di Monaldo Leopardi : il volume contiene la versione integrale dei Dialoghetti sulle materie occorrenti nell'anno 1831 /$fFélicité de Lamennais ... [et al.] 210 $aReggio Emilia $cDiabasis$d2004 215 $aP. 1-152 517 $aEuropa giudicata da un reazionario 517 $aL'Europa giudicata da un reazionario 676 $a320 701 $aLamennais$b Félicité Robert : de$0416696 701 $aLeopardi$b Monaldo$f1776-1847.$0194120 801 0$bItFiC 801 1$bItFiC 906 $aBOOK 912 $a9910131108503321 996 $aL'Europa giudicata da un reazionario$92439607 997 $aUNINA LEADER 00965nam0-22002771i-450 001 990005355090403321 005 20240228084732.0 035 $a000535509 035 $aFED01000535509 035 $a(Aleph)000535509FED01 035 $a000535509 100 $a19990530d1931----km-y0itay50------ba 101 0 $aita 105 $ay-------001yy 200 1 $a<>archeologia dell'altra sponda adriatica nelle ricerche della Missione Archeologica Italiana in Albania$fL.M. Ugolini 210 $aBari$cS.E.T. (Sicieta Editrice Tipografica)$d1931 215 $a20 p.$d27 cm 300 $aEstratto da Japigia 700 1$aUgolini,$bLuigi Maria$f<1895-1936>$0208057 801 0$aIT$bUNINA$gRICA$2UNIMARC 901 $aBK 912 $a990005355090403321 952 $aARCH. BM MISC. 126 (21)$bARCH. 14566$fFLFBC 959 $aFLFBC 996 $aArcheologia dell'altra sponda adriatica nelle ricerche della Missione Archeologica Italiana in Albania$9594604 997 $aUNINA